NĚKTERÉ VLASTNOSTI BAROTROPNÍHO MODELU ATMOSFÉRY

Bibliographic Details
Main Author: Vítek, Vojtěch (Author)
Format: Article
Language:Czech

MARC

LEADER 00000nab a2200000ua 4500
001 vtls010842991
003 SK-MaSNL
005 20260303103911.0
008 230121s1956 xo |||||||||||||||||cze|
035 |a (urnnbn)urn:nbn:sk:snk:ar-a07032 
035 |a urn:nbn:sk:snk-ab656k 
035 |a (uuid)69e8eea7-2184-496f-a758-6a2baf1ef773 
040 |a SNKBUCL  |b slo  |c SNKBUCL  |e AACR2 
041 0 |a cze 
044 |a xo  |c SK 
100 1 |a Vítek, Vojtěch  |4 aut  |9 1117726 
245 1 0 |a NĚKTERÉ VLASTNOSTI BAROTROPNÍHO MODELU ATMOSFÉRY  |c Vojtěch Vítek 
773 0 |t Meteorologické zprávy  |g Roč. 9, č. 2 (1956), s. 25-32 
954 |a odborná, vedecká literatúra cudzojazyčná (svetová)  |2 lita 
958 |a OND 
958 |a EUIPO 
958 |a article5 
999 |c 1852829  |d 1854759